| 000 | nam a22 7a 4500 | ||
|---|---|---|---|
| 999 |
_c329134 _d329134 |
||
| 003 | Nust | ||
| 005 | 20170425104908.0 | ||
| 008 | 170425b xxu||||| |||| 00| 0 eng d | ||
| 020 | _a8176480649 | ||
| 040 | _c0 | ||
| 082 | _a372.357 NAS | ||
| 100 | _aNasrin,Dr | ||
| 245 |
_aEnvironmental Education _cDr Nasrin |
||
| 260 |
_aNew Delhi _bAPH Publishing Corporation _c2004 |
||
| 300 | _a234p. | ||
| 500 | _aH.B | ||
| 942 |
_2ddc _cBK _k372.357 NAS |
||